00205nam a22000977a 4500082001600000100001700016245003800033250000800071260001900079300000900098 a620.112 TIM aTIMOSHENKO.S aELEMENTS OF STRENGTH OF MATERIALS a4TH aPDFbPDFc1962 a380P